MARC

LEADER 00000nam0a2200000 4500
001 372122
005 20231102012439.0
035 |a (RuTPU)RU\TPU\retro\29543 
035 |a RU\TPU\book\304057 
090 |a 372122 
100 |a 20221214d1975 k y0rusy50 ca 
101 0 |a rus 
102 |a RU 
105 |a a z 001zy 
200 1 |a Древняя структура земной коры Восточной Сибири  |f С. М. Замараев [и др.]  |g Академия наук СССР (АН СССР), Сибирское отделение (СО), Институт земной коры (ИЗК) 
210 |a Новосибирск  |c Наука  |d 1975 
215 |a 186 с.  |c ил. 
320 |a Библиогр.: с. 179-185. 
606 1 |a Земная кора  |x Структура  |2 stltpush  |3 (RuTPU)RU\TPU\subj\11792  |9 38690 
610 1 |a Восточная Сибирь 
610 1 |a тектоническое развитие 
610 1 |a разломы 
610 1 |a складчатые области 
610 1 |a Сибирская платформа 
610 1 |a кинематическая интерпретация 
675 |a 551.24  |v 3 
701 1 |a Замараев  |b С. М.  |g Семен Матвеевич 
701 1 |a Мазукабзов  |b А. М.  |g Анатолий Муталибович 
701 1 |a Рязанов  |b Г. В.  |g Генрих Васильевич 
701 1 |a Сезько  |b А. И.  |g Артур Иосифович 
701 1 |a Васильев  |b Е. П.  |g Евгений Петрович 
701 1 |a Грабкин  |b О. В.  |g Олег Васильевич 
712 0 2 |a Академия наук СССР (АН СССР)  |b Сибирское отделение (СО)  |b Институт земной коры (ИЗК)  |c (Иркутск)  |c (1957-1962)  |2 stltpush  |3 (RuTPU)RU\TPU\col\11543 
801 1 |a RU  |b 63413507  |c 20150112 
801 2 |a RU  |b 63413507  |c 20221214  |g RCR 
942 |c BK